Partecipazione come scientia intuitiva Lévy-Bruhl e Spinoza (notice n° 1657146)

détails MARC
000 -LEADER
fixed length control field 01569cam a2200169 4500500
005 - DATE AND TIME OF LATEST TRANSACTION
control field 20260208010546.0
041 ## - LANGUAGE CODE
Language code of text/sound track or separate title fre
042 ## - AUTHENTICATION CODE
Authentication code dc
100 10 - MAIN ENTRY--PERSONAL NAME
Personal name Nisio, Francesco Saverio
Relator term author
245 00 - TITLE STATEMENT
Title Partecipazione come scientia intuitiva Lévy-Bruhl e Spinoza
260 ## - PUBLICATION, DISTRIBUTION, ETC.
Date of publication, distribution, etc. 2005.<br/>
500 ## - GENERAL NOTE
General note 100
520 ## - SUMMARY, ETC.
Summary, etc. La participation comme « science intuitive » : Lévy-Bruhl et Spinoza On peut trouver dans l’œuvre de Lévy-Bruhl des traces de la présence de Spinoza, en particulier de sa conception de la connaissance du troisième genre, ou « science intuitive ». Il apparaît que Lévy-Bruhl a travaillé à une « new science of metaphysics », aussi bien dans ses œuvres d’histoire de la philosophie que dans ses ouvrages ethnologiques. Mots-clés : participation, science intuitive, science of metaphysics, sentiment, éthique.
520 ## - SUMMARY, ETC.
Summary, etc. Participation as « intuitive science » : Lévy-Bruhl and Spinoza One may find in Lévy-Bruhl’s works traces of Spinoza’s presence, in particular of his conception of « knowledge of the third kind », i.e. « intuitive science ». It thus appears that Lévy-Bruhl worked on a « new science of metaphysics » both in his historical researches and in his ethnological works. Key works : participation, intuitive science, science of metaphysics, feeling, ethics.
786 0# - DATA SOURCE ENTRY
Note Revue philosophique de la France et de l'étranger | 130 | 3 | 2005-09-01 | p. 323-333 | 0035-3833
856 41 - ELECTRONIC LOCATION AND ACCESS
Uniform Resource Identifier <a href="https://shs.cairn.info/revue-philosophique-2005-3-page-323?lang=fr&redirect-ssocas=7080">https://shs.cairn.info/revue-philosophique-2005-3-page-323?lang=fr&redirect-ssocas=7080</a>

Pas d'exemplaire disponible.

PLUDOC

PLUDOC est la plateforme unique et centralisée de gestion des bibliothèques physiques et numériques de Guinée administré par le CEDUST. Elle est la plus grande base de données de ressources documentaires pour les Étudiants, Enseignants chercheurs et Chercheurs de Guinée.

Adresse

627 919 101/664 919 101

25 boulevard du commerce
Kaloum, Conakry, Guinée

Réseaux sociaux

Powered by Netsen Group @ 2025